Największe miasta w Polsce niebędące samodzielnym powiatem - Statystyki

Ogólne statystyki
  • Ten quiz został rozwiązany 528 razy
    521 od ostatniego zresetowania
  • Średni wynik to 13 z 20
Statystyki odpowiedzi
L.p. Miasto Liczba ludności (2021) Województwo % Poprawnych
1. Piła 72 527 wielkopolskie
85%
3. Inowrocław 71 674 kujawsko-pomorskie
83%
2. Lubin 71 710 dolnośląskie
77%
6. Gniezno 67 570 wielkopolskie
72%
5. Stargard 67 579 zachodniopomorskie
72%
7. Ostrowiec Świętokrzyski 67 404 świętokrzyskie
71%
4. Ostrów Wielkopolski 71 560 wielkopolskie
71%
11. Ełk 61 903 warmińsko-mazurskie
70%
15. Kędzierzyn-Koźle 60 021 opolskie
67%
8. Głogów 66 120 dolnośląskie
66%
9. Pabianice 63 945 łódzkie
66%
14. Mielec 60 075 podkarpackie
63%
17. Tczew 59 430 pomorskie
62%
10. Pruszków 62 623 mazowieckie
61%
16. Stalowa Wola 59 623 podkarpackie
60%
18. Bełchatów 56 419 łódzkie
59%
19. Świdnica 56 222 dolnośląskie
59%
13. Tomaszów Mazowiecki 61 338 łódzkie
52%
12. Tarnowskie Góry 61 756 śląskie
51%
20. Będzin 56 008 śląskie
49%
Nie znaleziono quizów pasujących do podanych kryteriów
Rozkład punktacji
Procent ludzi z każdym wynikiem
Percentyl według liczby udzielonych odpowiedzi
Twoja historia wyników
Nie rozwiązałeś tego quizu od ostatniego zresetowania